Senioři začínají zaměstnavatele zajímat

Atraktívnosť seniorov pre zamestnávateľov. Seniori a podnikanie.

Guardado en:
Detalles Bibliográficos
Formato: Capítulo de libro
Lenguaje:checo
Materias:
Etiquetas: Agregar Etiqueta
Sin Etiquetas, Sea el primero en etiquetar este registro!

MARC

LEADER 00000naa a2200000 4500
001 0246083
005 20180628063300.8
041 0 |a cze 
044 |a CZ 
245 1 0 |a Senioři začínají zaměstnavatele zajímat 
520 |a Atraktívnosť seniorov pre zamestnávateľov. Seniori a podnikanie. 
610 2 0 |a seniori 
610 2 0 |a zamestnávatelia 
610 2 0 |a podnikanie 
610 2 0 |a trh práce